| 000 | 00408nam a2200169Ia 4500 | ||
|---|---|---|---|
| 008 | 230711s9999||||xx |||||||||||||| ||und|| | ||
| 020 | _a978-93-5014-152-6 | ||
| 041 | _aENG | ||
| 082 |
_a500 _bDO-P |
||
| 100 | _aDogra ,Rakesh | ||
| 245 | 0 | _aEssentials of Physics(with experiments) | |
| 250 | _a12th | ||
| 260 |
_c2012 _aNew Delhi _bS.K Kataria & Sons |
||
| 300 | _a390 | ||
| 650 | _aPhysics | ||
| 942 | _cBK | ||
| 999 |
_c5156 _d5156 |
||